000
00229nam a2200121Ia 4500
100
_a
GEORGE GILDER
942
_c
BK
245
_a
THE SPIRIT OF ENTERPRICE
260
_b
#N/A
300
_a
274
546
_a
ENGLISH
999
_c
26210
_d
26210